00282nam a2200121Ia 4500008004100000041000900041082001900050100002300069245002100092260003100113300000800144650000800152230718s9999 xx 000 0 und d aEng. a340.092bLET-A aletter young lawer 0aalan dersshowtiz aPakistanbbasic bookc2001 a626 aLaw